Entrevista com Paulo Agostinho Nogueira Baptista sobre sua experiência como egresso da primeira graduação de Ciência da Religião no Brasil = Interview with Paulo Agostinho Nogueira Baptista about his Experience as Alumnus of the First Undergraduate Course of Religious Studies in Brazil
O ano de 1969 marca o início institucional da Ciência da Religião no Brasil, na Universidade Federal de Juiz de Fora (UFJF), o que criou as bases para o que se tornou o primeiro curso de graduação dessa área nesse país. Contudo, pouco se tem registrado deste marco histórico, e menos ainda se escreve...
| Subtitles: | Interview with Paulo Agostinho Nogueira Baptista about his Experience as Alumnus of the First Undergraduate Course of Religious Studies in Brazil |
|---|---|
| Authors: | ; |
| Format: | Electronic Article |
| Language: | Portuguese |
| Check availability: | HBZ Gateway |
| Interlibrary Loan: | Interlibrary Loan for the Fachinformationsdienste (Specialized Information Services in Germany) |
| Published: |
2018
|
| In: |
Numen
Year: 2018, Volume: 21, Issue: 2, Pages: 301-305 |
| Further subjects: | B
História da Ciência no Brasil
B Interview |
| Online Access: |
Volltext (kostenfrei) Volltext (kostenfrei) |
MARC
| LEADER | 00000caa a22000002c 4500 | ||
|---|---|---|---|
| 001 | 1777554802 | ||
| 003 | DE-627 | ||
| 005 | 20240414193559.0 | ||
| 007 | cr uuu---uuuuu | ||
| 008 | 211116s2018 xx |||||o 00| ||por c | ||
| 024 | 7 | |a 10.34019/2236-6296.2018.v21.22131 |2 doi | |
| 035 | |a (DE-627)1777554802 | ||
| 035 | |a (DE-599)KXP1777554802 | ||
| 040 | |a DE-627 |b ger |c DE-627 |e rda | ||
| 041 | |a por | ||
| 084 | |a 0 |2 ssgn | ||
| 100 | 1 | |a Costa, Matheus Oliva da |e InterviewerIn |4 ivr | |
| 245 | 1 | 0 | |a Entrevista com Paulo Agostinho Nogueira Baptista sobre sua experiência como egresso da primeira graduação de Ciência da Religião no Brasil |b = Interview with Paulo Agostinho Nogueira Baptista about his Experience as Alumnus of the First Undergraduate Course of Religious Studies in Brazil |
| 246 | 3 | 1 | |a Interview with Paulo Agostinho Nogueira Baptista about his Experience as Alumnus of the First Undergraduate Course of Religious Studies in Brazil |
| 264 | 1 | |c 2018 | |
| 336 | |a Text |b txt |2 rdacontent | ||
| 337 | |a Computermedien |b c |2 rdamedia | ||
| 338 | |a Online-Ressource |b cr |2 rdacarrier | ||
| 520 | |a O ano de 1969 marca o início institucional da Ciência da Religião no Brasil, na Universidade Federal de Juiz de Fora (UFJF), o que criou as bases para o que se tornou o primeiro curso de graduação dessa área nesse país. Contudo, pouco se tem registrado deste marco histórico, e menos ainda se escreveu do ponto de vista dos discentes egressos de tal contexto. A presente entrevista, realizada por email, vem contemplar esse vazio. O entrevistado, Paulo Agostinho Nogueira Baptista, é um egresso da UFJF que cursou todas as disciplinas da primeira graduação em Ciência da Religião durante o final dos anos 1970, enquanto se formava em Filosofia, e narra um pouco sobre isso em nossas páginas. O entrevistado respondeu as perguntas na perspectiva de um egresso daquele curso. Mesmo não se formando oficialmente, com as disciplinas cursadas já citadas, o que aprendeu teve forte impacto em sua vida, e sua trajetória está intimamente ligada à Ciência da Religião, algo lembrado por outros importantes nomes dessa área no Brasil. Posteriormente, ele fez também graduação em Teologia pela PUC-Minas, bem como mestrado e doutorado em Ciência da Religião nessa área na UFJF. Desde 2012 é docente do mestrado em Ciências da Religião da PUC-Minas. | ||
| 601 | |a Baptisten | ||
| 601 | |a Interview | ||
| 601 | |a Alumnus | ||
| 601 | |a Religious studies | ||
| 650 | 4 | |a História da Ciência no Brasil | |
| 655 | 7 | |a Interview |0 (DE-588)4027503-6 |0 (DE-627)104767812 |0 (DE-576)208971211 |2 gnd-content | |
| 700 | 1 | |a Baptista, Paulo Agostinho Nogueira |e InterviewteR |4 ive | |
| 773 | 0 | 8 | |i Enthalten in |t Numen |d Juiz de Fora : UFJF, 1998 |g 21(2018), 2, Seite 301-305 |h Online-Ressource |w (DE-627)787023558 |w (DE-600)2772850-X |w (DE-576)407570608 |x 2236-6296 |7 nnas |
| 773 | 1 | 8 | |g volume:21 |g year:2018 |g number:2 |g pages:301-305 |
| 856 | |u https://periodicos.ufjf.br/index.php/numen/article/download/22131/14808 |x unpaywall |z Vermutlich kostenfreier Zugang |h publisher [open (via free pdf)] | ||
| 856 | 4 | 0 | |u https://doi.org/10.34019/2236-6296.2018.v21.22131 |x Resolving-System |z kostenfrei |3 Volltext |7 0 |
| 856 | 4 | 0 | |u https://periodicos.ufjf.br/index.php/numen/article/view/22131 |x Verlag |z kostenfrei |3 Volltext |7 0 |
| 951 | |a AR | ||
| ELC | |a 1 | ||
| LOK | |0 000 xxxxxcx a22 zn 4500 | ||
| LOK | |0 001 400253846X | ||
| LOK | |0 003 DE-627 | ||
| LOK | |0 004 1777554802 | ||
| LOK | |0 005 20211116162713 | ||
| LOK | |0 008 211116||||||||||||||||ger||||||| | ||
| LOK | |0 040 |a DE-Tue135 |c DE-627 |d DE-Tue135 | ||
| LOK | |0 092 |o n | ||
| LOK | |0 852 |a DE-Tue135 | ||
| LOK | |0 852 1 |9 00 | ||
| LOK | |0 935 |a ixzs |a ixzo |a rwrk | ||
| LOK | |0 939 |a 16-11-21 |b l01 | ||
| OAS | |a 1 | ||
| ORI | |a SA-MARC-ixtheoa001.raw | ||
| REL | |a 1 | ||
| SUB | |a REL | ||



